[Event "AUTO-MASTER-2767"]
[Site "http://www.queenalice.com/game.php?id=1542897"]
[Date "2018.9.20"]
[Round "1"]
[White "Vilnius"]
[Black "Pinehill"]
[Result "1-0"]
[WhiteElo "2054"]
[BlackElo "1913"]

1. e4 d5 2. exd5 Nf6 3. Nc3 g6 4. Bc4 Bg7 5. h3 O-O 6. d3 Nbd7 7. Bg5 Nb6 8. Bb3
Nfxd5 9. Nge2 Nxc3 10. bxc3 Nd5 11. d4 h6 12. Bh4 g5 13. Bg3 c6 14. Qd3 1-0

[Event "AUTO-MASTER-2767"]
[Site "http://www.queenalice.com/game.php?id=1542898"]
[Date "2018.9.20"]
[Round "1"]
[White "Pinehill"]
[Black "Vilnius"]
[Result "0-1"]
[WhiteElo "1924"]
[BlackElo "2043"]

1. e4 e5 2. d4 exd4 3. Bc4 Nc6 4. Nf3 h6 5. O-O Qf6 6. e5 Qg6 7. Re1 Bc5 8. c3
dxc3 9. Nxc3 Nge7 10. Bf4 O-O 11. Bg3 d6 12. exd6 Bxd6 13. Bd3 Qh5 0-1

[Event "AUTO-MASTER-2767"]
[Site "http://www.queenalice.com/game.php?id=1542911"]
[Date "2018.9.20"]
[Round "1"]
[White "betofortaleza"]
[Black "Pinehill"]
[Result "1-0"]
[WhiteElo "1893"]
[BlackElo "1981"]

1. e4 d5 2. e5 c5 3. Nf3 Bf5 4. d4 e6 5. c3 Nc6 6. Bd3 cxd4 7. Bxf5 dxc3 8. Bc2
cxb2 9. Bxb2 Bb4+ 10. Nc3 d4 11. Nxd4 1-0

[Event "AUTO-MASTER-2767"]
[Site "http://www.queenalice.com/game.php?id=1542912"]
[Date "2018.9.20"]
[Round "1"]
[White "Pinehill"]
[Black "betofortaleza"]
[Result "0-1"]
[WhiteElo "2002"]
[BlackElo "1872"]

1. e4 e5 2. d4 exd4 3. Bc4 Bc5 4. Nf3 f6 5. O-O d6 6. Nxd4 Qe7 7. Nc3 Bd7 8. Nb3
Nc6 9. Nxc5 O-O-O 10. Nxd7 Qxd7 0-1

[Event "AUTO-ADV-4184"]
[Site "http://www.queenalice.com/game.php?id=1572949"]
[Date "2019.5.31"]
[Round "1"]
[White "Canaye"]
[Black "Pinehill"]
[Result "1-0"]
[WhiteElo "1808"]
[BlackElo "1853"]

1. d4 Nf6 2. c4 e6 3. Nc3 Bb4 4. Qc2 O-O 5. a3 Bxc3+ 6. Qxc3 d5 7. cxd5 exd5 8.
Bg5 Nbd7 9. e3 c6 10. Bd3 h6 11. Bh4 Re8 12. Ne2 Qe7 13. O-O g5 14. Bg3 Ne4 15.
Bxe4 Qxe4 16. Rac1 f5 17. Bd6 Nb6 18. Ng3 Qe6 19. Be5 Nc4 20. Nh5 Nxe5 21. dxe5
Qxe5 22. Nf6+ Kf7 23. Nxe8 Qxe8 24. Rfe1 Be6 25. f3 Qd7 26. b4 Kg6 27. e4 dxe4
28. fxe4 fxe4 29. Rxe4 Bd5 30. Re5 Qg4 31. Qd3+ Kf6 32. Re2 Re8 33. Rf1+ Kg7 34.
Qc3+ Kg6 35. Qf6+ Kh5 36. Ref2 Re2 37. g3 Rxf2 38. Qxf2 Qe4 39. Qf3+ g4 40. Qxe4
Bxe4 41. Re1 Bd5 42. Kf2 Kg6 43. Ke3 b6 44. Kf4 h5 45. Re7 a5 46. bxa5 bxa5 47.
Ra7 1-0

[Event "AUTO-ADV-4184"]
[Site "http://www.queenalice.com/game.php?id=1572950"]
[Date "2019.5.31"]
[Round "1"]
[White "Pinehill"]
[Black "Canaye"]
[Result "1-0"]
[WhiteElo "1833"]
[BlackElo "1819"]

1. e4 e6 2. d4 d5 3. exd5 Qxd5 4. Nc3 Bb4 5. Qg4 Ne7 6. Bd2 Bxc3 7. bxc3 c5 8.
Nf3 O-O 9. c4 Qd8 10. Qh4 cxd4 11. Qxd4 Nbc6 12. Qg4 e5 13. Qg3 f5 14. Nxe5 Nd4
15. Bd3 Nec6 16. O-O Nxe5 17. Qxe5 Re8 18. Qd5+ Be6 19. Qxd8 Raxd8 20. Rfe1 a6
21. Rab1 Rb8 22. Bf4 Rbc8 23. Rxb7 h6 24. Be5 g5 25. Bxd4 Bf7 26. Rxe8+ Rxe8 27.
Kf1 f4 28. Bg6 Bxg6 29. Rg7+ Kf8 30. Rxg6 Rc8 31. Rxh6 Rxc4 32. c3 Kf7 33. Rxa6
Rc8 34. a4 Rb8 35. Rb6 Rxb6 36. Bxb6 Ke7 37. c4 g4 38. g3 f3 39. h4 gxh3 40. Kg1
Kd6 41. c5+ Kc6 42. Kh2 Kb7 43. Kxh3 Kb8 44. a5 Kb7 45. g4 Kb8 46. g5 Kb7 47. g6
Ka6 48. g7 Kb7 49. g8=Q 1-0

[Event "AUTO-ADV-4184"]
[Site "http://www.queenalice.com/game.php?id=1572961"]
[Date "2019.5.31"]
[Round "1"]
[White "Fauquinelle"]
[Black "Pinehill"]
[Result "1-0"]
[WhiteElo "1968"]
[BlackElo "1869"]

1. d4 Nf6 2. c4 e6 3. a3 d5 4. Nc3 c6 5. Bg5 Be7 6. Nf3 Nbd7 7. e3 h6 8. Bf4 O-O
9. Bd3 dxc4 10. Bxc4 Nb6 11. Bb3 Nbd5 12. O-O Nxf4 13. exf4 Nd5 14. Bc2 Nxf4 15.
Qd2 g5 16. g3 Nh3+ 17. Kg2 g4 18. Qxh6 f5 19. Ne5 Qxd4 20. Qg6+ Kh8 21. Nf7+
Rxf7 22. Qxf7 Qd8 23. Ne2 Bd7 24. Nf4 Nxf4+ 25. gxf4 c5 26. Rfe1 Bc6+ 27. Kg3
Bd5 28. Rad1 Qf8 29. Qh5+ Kg8 30. Bxf5 Qxf5 31. Qxf5 Bh4+ 32. Kxh4 1-0

[Event "AUTO-ADV-4184"]
[Site "http://www.queenalice.com/game.php?id=1572962"]
[Date "2019.5.31"]
[Round "1"]
[White "Pinehill"]
[Black "Fauquinelle"]
[Result "1-0"]
[WhiteElo "1848"]
[BlackElo "1982"]

1. e4 e5 2. d4 exd4 3. c3 dxc3 4. Bc4 cxb2 5. Bxb2 d5 6. Bxd5 Nc6 7. Nf3 Be6 8.
Bxc6+ bxc6 9. Qa4 Bd7 10. O-O Nf6 11. Nbd2 Be7 12. Ne5 O-O 13. Rac1 c5 14. Nxd7
Qxd7 15. Qxd7 Nxd7 16. Nc4 Bg5 17. f4 Be7 18. e5 Rab8 19. Rfd1 Nb6 20. Ba3 Rfd8
21. Rxd8+ Rxd8 22. Na5 Na4 23. Nb7 Rd5 24. Na5 Kf8 25. Nc6 Ke8 26. Nxa7 Nb6 27.
Nb5 Kd7 28. Bb2 Na4 29. Nc3 Nxc3 30. Bxc3 Rd2 31. Bxd2 1-0

[Event "AUTO-ADV-4184"]
[Site "http://www.queenalice.com/game.php?id=1572969"]
[Date "2019.5.31"]
[Round "1"]
[White "Pinehill"]
[Black "A2019"]
[Result "0-1"]
[WhiteElo "1835"]
[BlackElo "2237"]

1. e4 g6 2. d4 d6 3. Nf3 Bg7 4. Be3 Bg4 5. Nbd2 Nc6 6. Bb5 a6 7. Bxc6+ bxc6 8.
h3 Bxf3 9. Nxf3 Nf6 10. O-O O-O 11. e5 Nd5 12. Bd2 Nb6 13. c3 Nc4 14. exd6 Nxd2
15. Nxd2 cxd6 16. Qe2 Re8 17. Rfe1 Ra7 18. f4 e5 19. fxe5 dxe5 20. dxe5 Rxe5 21.
Qf2 Rae7 22. Rxe5 Rxe5 23. Nf3 Rd5 24. Re1 c5 25. Qe2 a5 26. Qb5 Bf8 27. Kf2 Qf6
28. Re2 g5 29. Re8 h5 30. Ke3 Qf4+ 31. Ke2 g4 32. Nd4 Re5+ 33. Rxe5 Qxe5+ 34.
Kd3 Qg3+ 35. Kc4 cxd4 36. cxd4 Qxg2 37. Qg5+ Bg7 38. hxg4 Qxg4 0-1

[Event "AUTO-ADV-4184"]
[Site "http://www.queenalice.com/game.php?id=1572970"]
[Date "2019.5.31"]
[Round "1"]
[White "A2019"]
[Black "Pinehill"]
[Result "1-0"]
[WhiteElo "2210"]
[BlackElo "1857"]

1. e4 d5 2. exd5 Nf6 3. d4 Qxd5 4. c4 Qd8 5. Nc3 Bf5 6. Nf3 e6 7. Bd3 Bg6 8. Bf4
c6 9. O-O Bd6 10. Be5 O-O 11. Bxg6 fxg6 12. h3 Bxe5 13. dxe5 Qxd1 14. Raxd1 Nh5
15. Ne2 Na6 16. Rd6 Rae8 17. Rfd1 Nc5 18. b4 Ne4 19. Rd7 Rf7 20. Rxf7 Kxf7 21.
Rd4 1-0

[Event "AUTO-OPEN-4064"]
[Site "http://www.queenalice.com/game.php?id=1573103"]
[Date "2019.6.2"]
[Round "1"]
[White "Torbencarlsen"]
[Black "Pinehill"]
[Result "1-0"]
[WhiteElo "1399"]
[BlackElo "1752"]

1. e4 d5 2. exd5 Nf6 3. Bb5+ Bd7 4. Be2 Nxd5 5. d4 Nc6 6. c4 Nb6 7. Nf3 e6 8.
O-O Be7 9. Nc3 O-O 10. Bf4 Bf6 11. Ne4 Be7 12. Qd2 Na5 13. Qxa5 Bc6 14. Ned2
Bxf3 15. Nxf3 c6 16. h3 Nd7 17. Bc7 Qc8 18. Bf4 f5 19. Rfe1 b6 20. Qa4 Nf6 21.
Ne5 Bd6 22. Nxc6 Qd7 23. Bxd6 Qxd6 24. Bf3 a5 25. Qb5 Rac8 26. c5 bxc5 27. dxc5
Qd7 28. Rad1 Nd5 29. Bxd5 exd5 30. Ne7+ 1-0

[Event "AUTO-OPEN-4064"]
[Site "http://www.queenalice.com/game.php?id=1573104"]
[Date "2019.6.2"]
[Round "1"]
[White "Pinehill"]
[Black "Torbencarlsen"]
[Result "0-1"]
[WhiteElo "1857"]
[BlackElo "1779"]

1. e4 e5 2. d4 exd4 3. c3 Qe7 4. Qxd4 Nf6 5. Bd3 Nc6 6. Qe3 d5 7. f3 dxe4 8. Bb5
Bf5 9. Nd2 Nd5 10. Bxc6+ bxc6 11. Qd4 exf3+ 12. Kf2 fxg2 13. Kxg2 Ne3+ 14. Kf2
Nc2 15. Qf4 Qe1+ 16. Kf3 Qd1+ 17. Kg3 Bd6 0-1

[Event "AUTO-OPEN-4064"]
[Site "http://www.queenalice.com/game.php?id=1573129"]
[Date "2019.6.2"]
[Round "1"]
[White "od_xavier"]
[Black "Pinehill"]
[Result "1-0"]
[WhiteElo "1354"]
[BlackElo "1812"]

1. c3 Nf6 2. e3 d5 3. f3 e5 4. Ne2 Bd6 5. b4 c6 6. a4 O-O 7. h3 Bf5 8. Ng3 Bg6
9. d3 d4 10. b5 Qa5 11. Qb3 dxc3 12. Nxc3 Nd5 13. Bd2 Nxc3 14. Qxc3 Qc7 15. e4
f5 16. h4 f4 17. Ne2 a5 18. h5 Bf7 19. g3 fxg3 20. Nxg3 Be6 21. Kf2 Bb4 22. Qb2
Bxd2 23. Qxd2 1-0

[Event "AUTO-OPEN-4064"]
[Site "http://www.queenalice.com/game.php?id=1573130"]
[Date "2019.6.2"]
[Round "1"]
[White "Pinehill"]
[Black "od_xavier"]
[Result "0-1"]
[WhiteElo "1782"]
[BlackElo "1384"]

1. e4 d5 2. Nf3 dxe4 3. Ng5 e6 4. Nxe4 Qxd2+ 5. Bxd2 b6 6. Bb5+ c6 7. Bf1 Be7 8.
Bd3 h6 9. O-O Bb7 10. Nbc3 Nf6 11. f4 a6 12. Nxf6+ gxf6 13. Qh5 c5 14. Rae1 Nc6
15. Rxe6 Rg8 16. Rfe1 Rd8 17. Rxf6 Rg7 18. Ne4 Nd4 19. Nd6+ Rxd6 20. Rxd6 Rxg2+
21. Kf1 Kf8 22. Rxb6 Bf3 23. Qxh6+ Ke8 24. Rxe7+ Kxe7 0-1

[Event "AUTO-OPEN-4064"]
[Site "http://www.queenalice.com/game.php?id=1573145"]
[Date "2019.6.2"]
[Round "1"]
[White "Poison"]
[Black "Pinehill"]
[Result "1-0"]
[WhiteElo "2607"]
[BlackElo "1855"]

1. e4 d5 2. exd5 Nf6 3. Bb5+ Bd7 4. Bc4 Bg4 5. f3 Bc8 6. Nc3 Bf5 7. g4 Bg6 8. h4
h5 9. g5 Nfd7 10. d3 Ne5 11. Bb3 c6 12. Qe2 cxd5 13. Qxe5 Nc6 14. Qxd5 e6 15.
Qxd8+ Rxd8 16. Ba4 a6 17. Bxc6+ bxc6 18. Be3 Bb4 19. Ne2 O-O 20. a3 Bxc3+ 21.
bxc3 Rd7 22. Rb1 Rfd8 23. Kf2 Rd5 24. Nd4 c5 25. Nc6 R8d7 26. c4 Rf5 27. Rb8+
Kh7 28. Rhb1 f6 29. gxf6 Rxf6 30. Ra8 Rf5 31. Rbb8 Rc7 32. Rh8# 1-0

[Event "AUTO-OPEN-4064"]
[Site "http://www.queenalice.com/game.php?id=1573146"]
[Date "2019.6.2"]
[Round "1"]
[White "Pinehill"]
[Black "Poison"]
[Result "0-1"]
[WhiteElo "1859"]
[BlackElo "2606"]

1. e4 c5 2. b4 cxb4 3. a3 bxa3 4. Bxa3 d6 5. Nf3 Nf6 6. d3 Bg4 7. Nbd2 g6 8. Be2
Bg7 9. O-O O-O 10. h3 Bxf3 11. Nxf3 Nc6 12. Rb1 Qc7 13. Qd2 Rfb8 14. Nh2 b5 15.
f4 b4 16. Bxb4 Nxb4 17. Rxb4 Qc5+ 0-1

[Event "Challenge"]
[Site "http://www.queenalice.com/game.php?id=1579755"]
[Date "2019.8.8"]
[Round "-"]
[White "WLAO"]
[Black "Pinehill"]
[Result "1-0"]
[WhiteElo "1596"]
[BlackElo "1838"]

1. e4 d5 2. e5 c5 3. d4 Nc6 4. Nf3 cxd4 5. Nxd4 Nxe5 6. Bf4 Ng6 7. Bg5 h6 8. Be3
e6 9. Bb5+ Bd7 10. Bxd7+ Qxd7 11. O-O 1-0

[Event "AUTO-ADV-4329"]
[Site "http://www.queenalice.com/game.php?id=1608291"]
[Date "2020.4.19"]
[Round "1"]
[White "MarcosT"]
[Black "Pinehill"]
[Result "1-0"]
[WhiteElo "1951"]
[BlackElo "1745"]

1. e4 d5 2. exd5 Nf6 3. Bb5+ Bd7 4. Bc4 Bg4 5. f3 Bc8 6. Nc3 Nbd7 7. d4 g6 8.
Nge2 Nb6 9. Bb3 Nfxd5 10. Nxd5 Nxd5 11. O-O c6 12. Re1 Bg7 13. Nf4 e6 14. Nxd5
cxd5 15. c4 dxc4 16. Ba4+ Bd7 17. Bxd7+ Qxd7 18. Be3 O-O-O 19. Rc1 Qd5 20. b3 b5
21. bxc4 bxc4 22. Qa4 Rd7 23. Rxc4+ Kd8 24. Rec1 Ke7 25. Rc7 Rd8 26. Rxa7 Rxa7
27. Qxa7+ Rd7 28. Rc7 Rxc7 29. Qxc7+ Qd7 30. Qc5+ Ke8 31. h4 f5 32. Qb4 Kf7 33.
a4 Bf8 34. Qb3 Qd5 35. Qb8 Qa5 36. Qb7+ Be7 37. Bg5 Qd8 38. a5 Qxd4+ 39. Kh2
Qe5+ 40. Kh3 1-0

[Event "AUTO-ADV-4329"]
[Site "http://www.queenalice.com/game.php?id=1608292"]
[Date "2020.4.19"]
[Round "1"]
[White "Pinehill"]
[Black "MarcosT"]
[Result "1-0"]
[WhiteElo "1722"]
[BlackElo "1894"]

1. e4 c5 2. b4 cxb4 3. a3 bxa3 4. Bxa3 a6 5. c3 Nc6 6. d4 g6 7. Nf3 Bg7 8. Bd3
Nf6 9. O-O O-O 10. Nbd2 d6 11. Qc2 e5 12. h3 exd4 13. cxd4 Re8 14. Rfe1 Nh5 15.
Bb2 b5 16. Qxc6 Bd7 17. Qxd6 Bf8 18. Qh2 Bg7 19. e5 Bh6 20. Ne4 Bg7 21. g4 f5
22. exf6 Nxf6 23. Nc5 Rxe1+ 24. Rxe1 Bc6 25. Ne5 Qd5 26. g5 Nh5 27. Nxc6 Rf8 28.
Ne7+ 1-0

[Event "AUTO-ADV-4329"]
[Site "http://www.queenalice.com/game.php?id=1608305"]
[Date "2020.4.19"]
[Round "1"]
[White "Pinehill"]
[Black "ebpap123"]
[Result "1-0"]
[WhiteElo "1730"]
[BlackElo "1791"]

1. d4 Nf6 2. c4 g6 3. Nc3 Bg7 4. e4 d6 5. Nf3 O-O 6. Be2 c5 7. dxc5 dxc5 8. O-O
Nc6 9. h3 b6 10. Be3 Bb7 11. a3 Qxd1 12. Rfxd1 Rfd8 13. e5 Nd7 14. e6 fxe6 15.
Rd2 Nf6 16. Rad1 Rxd2 17. Rxd2 Rd8 18. Rxd8+ Nxd8 19. Ne5 Nc6 20. Nxc6 Bxc6 21.
b4 cxb4 22. axb4 Ne4 23. Nxe4 Bxe4 24. b5 h6 25. c5 bxc5 26. Bxc5 Bf6 27. Bxa7
Bb7 28. b6 Kf7 29. Bf3 Bxf3 30. gxf3 Be5 31. b7 Kf6 32. b8=Q Bxb8 33. Bxb8 e5
34. Kg2 e6 35. f4 exf4 36. Bxf4 h5 37. h4 Kf5 38. Bg5 e5 39. Kg3 e4 40. f3 exf3
41. Kxf3 Ke5 42. Bd8 Kf5 43. Ke3 Ke5 44. Bg5 Ke6 45. Kd4 Kd6 46. Bh6 Ke7 47. Ke5
Kf7 48. Kd6 Kf6 49. Bg5+ Kf7 50. Kd7 Kf8 51. Ke6 Kg8 52. Kf6 Kh7 53. Kf7 1-0

[Event "AUTO-ADV-4329"]
[Site "http://www.queenalice.com/game.php?id=1608306"]
[Date "2020.4.19"]
[Round "1"]
[White "ebpap123"]
[Black "Pinehill"]
[Result "1/2-1/2"]
[WhiteElo "1799"]
[BlackElo "1737"]

1. e4 d5 2. exd5 Nf6 3. Nf3 Qxd5 4. Nc3 Qd8 5. Be2 Bf5 6. O-O e6 7. Nh4 Bg6 8.
Nxg6 hxg6 9. d4 c6 10. Bf4 Nd5 11. Nxd5 exd5 12. Re1 Bd6 13. Bxd6 Qxd6 14. h3
O-O 15. Bf3 Nd7 16. c3 Rfe8 17. Qd2 Nf6 18. Rxe8+ Rxe8 19. Re1 Rxe1+ 20. Qxe1
Qe6 21. Qxe6 fxe6 22. Kf1 Kf7 23. Ke2 Nh5 24. Ke3 a5 25. a4 Nf6 26. g3 b5 27.
axb5 cxb5 28. Be2 b4 29. cxb4 axb4 30. b3 g5 31. f3 Nh5 32. Kf2 Kf6 33. Bd3 e5
34. dxe5+ Kxe5 35. Bg6 Nf6 36. Bd3 d4 37. Bc4 Nd5 38. Bd3 Nc3 39. Bc4 Nd1+ 40.
Ke2 Nb2 41. Bg8 Kd6 42. Bf7 Ke5 43. Bg8 d3+ 44. Kd2 Kd4 45. Bf7 1/2-1/2

[Event "AUTO-ADV-4329"]
[Site "http://www.queenalice.com/game.php?id=1608307"]
[Date "2020.4.19"]
[Round "1"]
[White "Pinehill"]
[Black "rogervolei"]
[Result "1/2-1/2"]
[WhiteElo "1748"]
[BlackElo "1934"]

1. e4 e6 2. d4 a6 3. Nf3 b5 4. Bd3 Bb7 5. O-O h6 6. Be3 g5 7. h3 d6 8. Nbd2 Bg7
9. c3 e5 10. Re1 Nd7 11. Qc2 f6 12. a4 Ne7 13. d5 c6 14. axb5 cxb5 15. b3 Nc5
16. Bxc5 dxc5 17. c4 O-O 18. cxb5 axb5 19. Bxb5 Qb6 20. Bc4 Qd6 21. Nf1 Rfb8 22.
Ne3 Rxa1 23. Rxa1 h5 24. Nf5 Nxf5 25. exf5 g4 26. hxg4 hxg4 27. Nh2 Kf7 28. Ra7
Kg8 29. Nxg4 Kf7 30. Qd3 Bf8 31. Ba6 Qb6 32. Rxb7+ Rxb7 33. Bxb7 Qxb7 34. Qc4
Kg7 35. Nxe5 fxe5 36. Qg4+ Kh8 37. Qh5+ Qh7 38. Qxh7+ Kxh7 39. g4 Kh6 40. Kg2
Kg5 41. f3 Kf4 42. Kf2 Be7 43. Ke2 Bd6 44. Kf2 e4 45. fxe4 Kxe4 46. Ke2 Kf4 47.
f6 Kxg4 1/2-1/2

[Event "AUTO-ADV-4329"]
[Site "http://www.queenalice.com/game.php?id=1608308"]
[Date "2020.4.19"]
[Round "1"]
[White "rogervolei"]
[Black "Pinehill"]
[Result "1-0"]
[WhiteElo "1910"]
[BlackElo "1739"]

1. e3 Nf6 2. h3 e6 3. b3 d5 4. Bb2 g6 5. g4 Bg7 6. Be2 O-O 7. g5 Ne4 8. Bxg7
Nxf2 9. Kxf2 Kxg7 10. h4 c5 11. Nf3 Nc6 12. d4 b6 13. c3 Bb7 14. Rh3 f5 15. Bb5
Ne7 16. dxc5 bxc5 17. h5 a6 18. h6+ Kg8 19. Be2 Qc7 20. Rh4 Rad8 21. Nbd2 f4 22.
exf4 Nf5 23. Rg4 Nd6 24. Kg3 Nf5+ 25. Kf2 d4 26. cxd4 Nxd4 27. Kg3 Nf5+ 28. Kf2
Qc6 29. Qc2 Nd4 30. Nxd4 Rxd4 31. Qc3 Rdxf4+ 32. Ke3 e5 33. Rf1 Rxf1 34. Nxf1
Rxf1 35. Qxe5 Re1 36. Qg7# 1-0